Obras completas / (Record no. 149808)

MARC details
000 -LEADER
campo de control de longitud fija 00806nam a2200241 i 4500
001 - NÚMERO DE CONTROL
campo de control 149808
003 - IDENTIFICADOR DE NÚMERO DE CONTROL
campo de control ES-MaACL
005 - FECHA Y HORA DE LA ÚLTIMA TRANSACCIÓN
campo de control 20230906203250.0
007 - CAMPO FIJO DE DESCRIPCIÓN FÍSICA--INFORMACIÓN GENERAL
campo de control de longitud fija t|
008 - DATOS DE LONGITUD FIJA--INFORMACIÓN GENERAL
campo de control de longitud fija 071024s1953 sp ||||1| spa d
100 1# - ENTRADA PRINCIPAL--NOMBRE DE PERSONA
Nombre de persona Van der Meersch, Maxence.
9 (RLIN) 113032
245 10 - MENCIÓN DEL TÍTULO
Título Obras completas /
Mención de responsabilidad, etc. Maxence van der Meersch ; [traducción del francés por Dolores Serra, Rosa S. de Naveira ; prólogo de Luis Horno Liria].
250 ## - MENCION DE EDICION
Mención de edición [1ª ed.].
260 ## - PUBLICACIÓN, DISTRIBUCIÓN, ETC.
Lugar de publicación, distribución, etc. Barcelona :
Nombre del editor, distribuidor, etc. José Janés,
Fecha de publicación, distribución, etc. 1953.
300 ## - DESCRIPCIÓN FÍSICA
Extensión 3 v. ;
Dimensiones 18 cm.
490 1# - MENCIÓN DE SERIE
Mención de serie Los clásicos del siglo XX
700 1# - ENTRADA AGREGADA--NOMBRE PERSONAL
Nombre de persona Serra, Dolores.
9 (RLIN) 105604
700 1# - ENTRADA AGREGADA--NOMBRE PERSONAL
Nombre de persona Naveira, Rosa S. de.
9 (RLIN) 85223
700 1# - ENTRADA AGREGADA--NOMBRE PERSONAL
Nombre de persona Horno Liria, Luis.
9 (RLIN) 64232
830 0# - PUNTO DE ACCESO ADICIONAL DE SERIE-TÍTULO UNIFORME
Título uniforme Los clásicos del siglo XX
9 (RLIN) 183579
852 ## - LOCALIZACIÓN
Ubicación ES-MaACL
Número de control de estantería C-6357-59
Sublocalización o colección R.35289
Holdings
Estatus retirado Estado de pérdida Estado de daño No para préstamo Biblioteca de origen Biblioteca actual Ubicación en estantería Fecha de adquisición Fuente de adquisición Total de préstamos Signatura topográfica completa Código de barras Visto por última vez Precio de reemplazo Tipo de ítem Koha
        Biblioteca del Ateneo de Madrid Biblioteca del Ateneo de Madrid Sala Palomar 17/01/2008     C-6357-59 1156324 23/02/2023 23/02/2023 Libro impreso